000 00685nam a22002057a 4500
005 20170712113420.0
010 _aENG-112395
020 _a9780198099154
_c1195.00
020 _a198099150
_c1195.00
035 _aEN-95927
037 _bDBAD/PUB
082 _a954.13304
100 _aSengupta, Jayanta
245 _aAt the margins :
_bby Jayanta Sengupta
_cdiscourses of development, democracy, and regionalism in orissa /
260 _aNew Delhi
_bOxford University Press
_c2015
270 _aYMCA Library Building, 1 Jai Singh Road,
_bNew Delhi
_e110001
300 _axiv,441p.
_c23cm(Hb)
500 _aIncludes bibliographical references and index
942 _2ddc
_cEN
_mSEN
999 _c92282
_d92282